Movies Quiz

Random Movies or Clickable Quiz
Score 0/33 Timer 04:00
0 Plays Today
% Correct
Fat
96.4%
Kill
96.1%
Sex
95.9%
Die
95.7%
Line
95.4%
Land
95.3%
All
95%
Dinner
94.5%
Tale
94.3%
Max
94.2%
Catch
93.5%
Stand
93.1%
Rain
92.8%
End
92.5%
Joe
92.4%
Street
92.1%
North
91.8%
% Correct
Side
91.8%
Eight
91.3%
Kind
91.3%
House
91.2%
Sin
91.1%
Dead
90.8%
Back
90.2%
Hero
89.8%
Blue
89.6%
Money
86.2%
Top
83.7%
Soul
83%
State
82.9%
Inside
81.7%
Wild
80.6%
Camp
79.5%

You're not logged in!

Compare scores with friends on all Sporcle quizzes.
OR
Log In

Sporcle TV

Today on Sporcle TV


Watch our educational content, quiz creation guides, and fun videos on Sporcle TV.

Show Comments

Extras

Top Quizzes Today


Score Distribution

Your Account Isn't Verified!

In order to create a playlist on Sporcle, you need to verify the email address you used during registration. Go to your Sporcle Settings to finish the process.

Report this User

Report this user for behavior that violates our Community Guidelines.

Details: